=LDR 00000nam 2200000 4500 =001 INLIS000000000063070 =005 20240125024338 =035 ##$$a 0010-0124000017 =007 ta =008 240125################g##########0#ind## =020 ##$$a 978-979-752-657-3 =082 ##$$a 028.5 =084 ##$$a 028.5 AIN m =100 #$$a Qurrota Aini =245 1#$$a My Wonderful Holiday /$c Qurrota Aini =250 ##$$a Cet. VI =260 ##$$a Bandung :$b PT. Mizan Bunaya Kreativa,$c 2010 =300 ##$$a 136 hlm. : $b ilus. ; $c 20 x 14 cm =990 ##$$a 1201001795